The Non-U.S. Bank Demand for U.S. Dollar Assets /

The USD asset share of non-U.S. banks captures the demand for dollars by these investors. An instrumental variable strategy identifies a causal link from the USD asset share to the USD exchange rate. Cross-sectional asset pricing tests show that the USD asset share is a highly significant pricing fa...

Повний опис

Бібліографічні деталі
Автор: Adrian, Tobias
Інші автори: Xie, Peichu
Формат: Журнал
Мова:English
Опубліковано: Washington, D.C. : International Monetary Fund, 2020.
Серія:IMF Working Papers; Working Paper ; No. 2020/101
Онлайн доступ:Full text available on IMF
LEADER 01702cas a2200253 a 4500
001 AALejournalIMF021044
008 230101c9999 xx r poo 0 0eng d
020 |c 5.00 USD 
020 |z 9781513547732 
022 |a 1018-5941 
040 |a BD-DhAAL  |c BD-DhAAL 
100 1 |a Adrian, Tobias. 
245 1 4 |a The Non-U.S. Bank Demand for U.S. Dollar Assets /  |c Tobias Adrian, Peichu Xie. 
264 1 |a Washington, D.C. :  |b International Monetary Fund,  |c 2020. 
300 |a 1 online resource (46 pages) 
490 1 |a IMF Working Papers 
500 |a <strong>Off-Campus Access:</strong> No User ID or Password Required 
500 |a <strong>On-Campus Access:</strong> No User ID or Password Required 
506 |a Electronic access restricted to authorized BRAC University faculty, staff and students 
520 3 |a The USD asset share of non-U.S. banks captures the demand for dollars by these investors. An instrumental variable strategy identifies a causal link from the USD asset share to the USD exchange rate. Cross-sectional asset pricing tests show that the USD asset share is a highly significant pricing factor for carry trade strategies. The USD asset share forecasts the dollar with economically large magnitude, high statistical significance, and large explanatory power, both in sample and out of sample, pointing towards time varying risk premia. It takes 2-5 years for exchange rate risk premia to normalize in response to demand shocks. 
538 |a Mode of access: Internet 
700 1 |a Xie, Peichu. 
830 0 |a IMF Working Papers; Working Paper ;  |v No. 2020/101 
856 4 0 |z Full text available on IMF  |u http://elibrary.imf.org/view/journals/001/2020/101/001.2020.issue-101-en.xml  |z IMF e-Library